00584nam a2200193Ia 4500001001000000003000500010008004100015010001100056040000900067082001800076100002100094245013600115260004900251300001100300440001600311650002200327650002300349650001800372Para_6397CHAP220125s1922 xx 000 0 und d a205135 cCHAP aPA 595.78 T68 aTothill, John D. aThe natural control of the fall webworm ( Hyphantria cunea Drury) :b with an account of its several parasites /c John D. Tothill aOttawa :b Canada. Department of Agriculture a107 p. aBulletin; 3 aControl de Plagas aHyphaantria cunea  aLepidopteros